000 00459nam a22001817a 4500
008 180928b xxu||||| |||| 00| | tur d
020 _a9789759059958
041 _atur
050 _aPL248.B79
100 _aBurak, Sevim
_91315
245 _aBeni Deliler Anlar
250 _a1.Baskı
260 _aİstanbul
_bHayykitap
_cKasım 2009
300 _a262 Sayfa
500 _aHayykitap - 95 Edebiyat - 6
650 0 _9145
_aTürk Edebiyatı
942 _2lcc
_cBK
999 _c2551
_d2508